Consecutive Notetaking and Interpreter Training

محفوظ في:
التفاصيل البيبلوغرافية
مؤلفون آخرون: Someya, Yasumasa (المحرر)
التنسيق: غير معروف
اللغة:الإنجليزية
منشور في: London, United Kingdom: Routledge, Taylor & Francis Group, 2019
سلاسل:Routledge Advances in translation and interpreting studies
الموضوعات:
الوسوم: إضافة وسم
لا توجد وسوم, كن أول من يضع وسما على هذه التسجيلة!

MARC

LEADER 00000 a2200000 4500
003 CL-VaPUC
005 20220111105457.0
008 211228b2019 ||||| |||| 00| 0 eng d
999 |c 433914  |d 433912 
020 |a 978-0-367-41062-9 
040 |c Pontificia Universidad Católica de Valparaíso 
082 7 |a 418.02071 SOM 2019  |2 22 
100 |a Someya, Yasumasa   |9 864128  |e editor 
245 1 |a Consecutive Notetaking and Interpreter Training 
260 |a London, United Kingdom:   |b Routledge,   |b Taylor & Francis Group,   |c 2019 
300 |a 247 páginas  
490 |a Routledge Advances in translation and interpreting studies 
583 |k Cristina María Rojas Aguilar  |c 20211228 
650 |a Interpretación consecutiva  |x Estudio y docencia  |z Japón   |9 865516 
650 |a Idioma japonés  |x Traducción al inglés  |9 865517 
942 |2 ddc  |c BK 
952 |0 0  |1 0  |2 ddc  |4 0  |6 418_020710000000000_SOM_2019  |7 0  |8 A  |9 579922  |a BIBEDU  |b BIBEDU  |c GEN  |d 2021-12-28  |e 74  |g 52463.00  |i 563170K  |o 418.02071 SOM 2019  |p 563170K  |r 2021-12-28  |t 1  |v 52463.00  |w 2021-12-28  |y BK  |k LIT